000 00549nam a2200193Ia 4500
999 _c31708
_d31708
003 OSt
005 20201013103359.0
008 190216s9999||||xx |||||||||||||| ||und||
020 _a9788173711473
040 _coclc
082 _a512.2
_bADH/G
100 _aAdhikari, M R
_93765
245 0 _aGroups,Rings And Modules With Applications /
_c M R Adhikari
250 _a1st Ed.
260 _bUniversity Press,
_c1999.
_aHyderbad:
300 _a260p
650 _aMathematics
942 _cBK
_2ddc
_h512.2
_iADH/G
_k512.2
_mADH/G